Statistiken für Lutz Pfannenstiels Vereine

Klicken Sie hier um das Quiz zu spielen!

Allgemein

  • Dieses Quiz wurde 7 mal gespielt
  • Das Durchschnittsergebnis liegt bei 11 aus 28

Antwortstatistiken

Jahr(e)LandVerein% Korrekt
2008BrasilienCA Hermann Aichinger
57%
1996 (Leihe)SüdafrikaOrlando Pirates
57%
1993MalaysiaPenang FA
57%
1997FinnlandTampereen Pallo-Veikot
57%
1998-1999DeutschlandWacker Burghausen
57%
1991-1993
Deutschland1. FC Kötzting
43%
2001-2002DeutschlandASV Cham
43%
2004KanadaCalgary Mustangs
43%
2001NeuseelandDunedin Technical
43%
2003NeuseelandDunedin Technical
43%
2002NeuseelandDunedin Technical
43%
2007ArmenienFC Bentonit Ijevan
43%
2006-2007AlbanienKS Vllaznia Shkodra
43%
1995-1997EnglandNottingham Forest
43%
2007KanadaVancouver Whitecaps
43%
2003NorwegenBærum SK
29%
2007NorwegenBærum SK
29%
2002-2003 (Leihe)EnglandBradford Park Avenue
29%
2001EnglandBradford Park Avenue
29%
1994-1995EnglandFC Wimbledon
29%
2008-2009NorwegenFlekkerøy IL
29%
1999-2000SingapurGeylang United
29%
1998FinnlandHaka Valkeakoski
29%
2009NorwegenManglerud Star Toppfotball
29%
2004-2006NeuseelandOtago United
29%
1998 (Leihe)
Finnland
Pallo-Kerho
29%
2009-2010NamibiaRamblers FC
29%
1996 (Leihe)SingapurSembawang Rangers FC
29%

Verteilung der Resultate

Perzentil nach korrekt beantworteten Fragen

Anzahl Personen mit jedem Resultat

Ihre Resultats-Entwicklung

Sie haben dieses Quiz noch nicht gespielt